5HLuxD.jpg

KING HENRY VIII SENIOR AND PRIMARY SCHOOL LIBRARY OPAC

Bertolt Brecht / (Record no. 2949)

000 -LEADER
fixed length control field 02046cam a2200373 i 4500
001 - CONTROL NUMBER
control field 7762929
003 - CONTROL NUMBER IDENTIFIER
control field OSt
005 - DATE AND TIME OF LATEST TRANSACTION
control field 20230913100640.0
008 - FIXED-LENGTH DATA ELEMENTS--GENERAL INFORMATION
fixed length control field 171019t20182018enka b 001 0deng
010 ## - LIBRARY OF CONGRESS CONTROL NUMBER
LC control number 2017045358
020 ## - INTERNATIONAL STANDARD BOOK NUMBER
International Standard Book Number 9780815396895
Qualifying information paperback
020 ## - INTERNATIONAL STANDARD BOOK NUMBER
International Standard Book Number 0815396899
Qualifying information paperback
024 8# - OTHER STANDARD IDENTIFIER
Standard number or code 60002250097
035 ## - SYSTEM CONTROL NUMBER
System control number (OCoLC)1007503336
Canceled/invalid control number (OCoLC)1004928482
040 ## - CATALOGING SOURCE
Original cataloging agency DLC
Language of cataloging eng
Description conventions rda
Transcribing agency DLC
Modifying agency YDX
-- OCLCF
-- OCLCO
-- YDX
-- OCLCO
-- ERASP
-- KH8
042 ## - AUTHENTICATION CODE
Authentication code anuc
082 00 - DEWEY DECIMAL CLASSIFICATION NUMBER
Classification number 832.912 MUM
Edition number 23
100 1# - MAIN ENTRY--PERSONAL NAME
Personal name Mumford, Meg,
Relator term author.
245 10 - TITLE STATEMENT
Title Bertolt Brecht /
Statement of responsibility, etc. Meg Mumford.
264 #1 - PRODUCTION, PUBLICATION, DISTRIBUTION, MANUFACTURE, AND COPYRIGHT NOTICE
Place of production, publication, distribution, manufacture Abingdon, Oxon ;
-- New York, NY :
Name of producer, publisher, distributor, manufacturer Routledge,
Date of production, publication, distribution, manufacture, or copyright notice 2018.
264 #4 - PRODUCTION, PUBLICATION, DISTRIBUTION, MANUFACTURE, AND COPYRIGHT NOTICE
Date of production, publication, distribution, manufacture, or copyright notice �2018
300 ## - PHYSICAL DESCRIPTION
Extent xii, 191 pages ;
Dimensions 21 cm.
336 ## - CONTENT TYPE
Content type term text
Content type code txt
Source rdacontent
337 ## - MEDIA TYPE
Media type term unmediated
Media type code n
Source rdamedia
338 ## - CARRIER TYPE
Carrier type term volume
Carrier type code nc
Source rdacarrier
490 1# - SERIES STATEMENT
Series statement Routledge performance practitioners
504 ## - BIBLIOGRAPHY, ETC. NOTE
Bibliography, etc. note Includes bibliographical references and index.
520 8# - SUMMARY, ETC.
Summary, etc. Bertolt Brecht's methods of collective experimentation, and his unique framing of the theatrical event as a forum for change, placed him among the most important contributors to the theory and practice of theatre. His work continues to have a significant impact on performance practitioners, critics and teachers alike. Now revised and reissued, this book combines: an overview of the key periods in Brecht's life and work; clear explanation of his key theories, including the renowned ideas of Gestus and Verfremdung; an account of his groundbreaking 1954 production of The Caucasian Chalk Circle; an in-depth analysis of his practical exercises and rehearsal methods. As a first step towards critical understanding, and as an initial exploration before going on to further, primary research, Routledge Performance Practitioners are an invaluable resource for students and scholars.
600 10 - SUBJECT ADDED ENTRY--PERSONAL NAME
Personal name Brecht, Bertolt,
Dates associated with a name 1898-1956
General subdivision Criticism and interpretation.
653 ## - INDEX TERM--UNCONTROLLED
Uncontrolled term Australian
830 #0 - SERIES ADDED ENTRY--UNIFORM TITLE
Uniform title Routledge performance practitioners.
982 ## - EQUIVALENCE OR CROSS-REFERENCE-SERIES STATEMENT--CONFERENCE OR MEETING NAME/TITLE [LOCAL, CANADA]
Meeting name or jurisdiction name as entry element 20180420
942 ## - ADDED ENTRY ELEMENTS (KOHA)
Source of classification or shelving scheme
Koha item type Teaching Resources
Holdings
Withdrawn status Lost status Source of classification or shelving scheme Damaged status Not for loan Collection code Permanent Location Current Location Shelving location Date acquired Full call number Barcode Date last seen Price effective from Koha item type
          Teaching Resources KH8 Senior School Library KH8 Senior School Library Staff Office 2023-09-13 832.912 MUM TRKHSL003081 2023-09-13 2023-09-13 Teaching Resources

Powered By KH8 IT Dept